| 000 -LEADER |
| fixed length control field |
00570 a2200169 4500 |
| 003 - CONTROL NUMBER IDENTIFIER |
| control field |
OSt |
| 005 - DATE AND TIME OF LATEST TRANSACTION |
| control field |
20240906160255.0 |
| 008 - FIXED-LENGTH DATA ELEMENTS--GENERAL INFORMATION |
| fixed length control field |
240906b ||||| |||| 00| 0 eng d |
| 020 ## - INTERNATIONAL STANDARD BOOK NUMBER |
| International Standard Book Number |
9789361567148 |
| 040 ## - CATALOGING SOURCE |
| Original cataloging agency |
BMSCA |
| 100 ## - MAIN ENTRY--PERSONAL NAME |
| Personal name |
Balakrishnan, Gita |
| 245 ## - TITLE STATEMENT |
| Title |
1700 in 70: a walk for a cause |
| 260 ## - PUBLICATION, DISTRIBUTION, ETC. (IMPRINT) |
| Name of publisher, distributor, etc |
Rupa Publication India Pvt. Ltd |
| Date of publication, distribution, etc |
2024 |
| Place of publication, distribution, etc |
New Delhi |
| 300 ## - PHYSICAL DESCRIPTION |
| Extent |
xvii, 189 pages, |
| Dimensions |
24 cm |
| Accompanying material |
24 unnumbered pages of plates : illustrations (colour), maps (black and white) |
| 650 ## - SUBJECT ADDED ENTRY--TOPICAL TERM |
| Source of heading or term |
Architect biography |
| Topical term or geographic name as entry element |
Architect biography |
| Geographic subdivision |
Architect biography |
| 942 ## - ADDED ENTRY ELEMENTS (KOHA) |
| Source of classification or shelving scheme |
|